| 000 | 00848nam a22002297a 4500 | ||
|---|---|---|---|
| 999 |
_c9504 _d9504 |
||
| 003 | AR-CdUCM | ||
| 008 | 190328b ||||| |||| 00| 0 spa d | ||
| 040 |
_aMUNICIPALIDAD PROVINCIAL DEL CUSCO _cBIBLIOTECA MUNICIPAL DEL CUSCO |
||
| 082 |
_a868.9 / _bA58 / 1963 |
||
| 245 | _aAntología de la poesía brasilera contemporánea / | ||
| 260 |
_aBuenos Aires : _bNuestra América, _c1963. |
||
| 300 |
_a60 páginas ; _c22 cm. |
||
| 440 |
_aCuadernos de poesía _n : 39 _925744 |
||
| 500 | _aDonación de la familia Nieto. | ||
| 505 | _aContenido: Del mundo de los poetas -- La poesía brasilera ... | ||
| 650 |
_aPoesía brasilera - Siglo XX _925745 |
||
| 650 |
_aPoetas brasileros _923598 |
||
| 650 |
_aAntología de poesía - Brasil _925746 |
||
| 700 |
_aLatino, Simón (Selección y notas) _925747 |
||
| 942 |
_2ddc _cLIBROS |
||
| 945 | _alccs | ||